Générique SamSam - Paroles - Statistiques

Statistiques générales
  • Ce quiz a été pris 299 fois
  • Le résultat moyen est 7 sur 13
Statistiques - réponses
Paroles % Correct
Moi c'est {SamSam}
100%
Le plus petit des grands {héros}
88%
{SamSam}
64%
Chaperlipo{pette}
50%
Ché moi le plus {fort}
50%
{SamSam}
50%
{SamSam}
49%
Petit d'accord oui mais {costaud}
46%
Toujours plus {fort}
46%
Toujours plus {haut}
39%
Je suis le petit héros {cosmique}
34%
Il y a un {os}
31%
Parole de {Barbaféroce}
29%
Aucun quiz correspondant
Distribution des résultats
% des personnes avec chaque résultat
Percentile par nombre de réponses
Votre historique - résultats
Vous n’avez pas pris ce quiz